000 00663nam a2200181 a 4500
001 000022254
005 20240305103442.0
008 100921s1964 ag 000 0 spa d
040 _aDO-SdBNP
_bspa
_cBNPHU
082 _aXXX
_bI37m
100 1 _aIncháustegui Cabral, Héctor,
_d1912-1979
_921024
245 1 0 _aMiedo en un puñado de polvo :
_bPrometeo, Filoctetes, Hipólito /
_cHéctor Inchaustegui Cabral.
260 _aBuenos Aires :
_bAmericalee,
_c1964.
300 _a254 p. ;
_c23 cm.
500 _aIncluye datos biográficos del autor en la contracubierta
590 _aPerteneció a la biblioteca personal de Juan Isidro Jimenes Grullón
049 _aBNPD
999 _c21752
_d21752